| 000 | 00744nam a2200229Ia 4500 | ||
|---|---|---|---|
| 008 | 210303s9999 xx 000 0 und d | ||
| 016 | _2retro2022 | ||
| 020 | _a`0713132736 | ||
| 040 |
_aNLN _bEnglish |
||
| 050 |
_aTL152 _b.M943 |
||
| 082 | _a629.2872 | ||
| 100 |
_aMUDD, S. C. _eaut _923656 |
||
| 245 | 0 |
_aTechnology for motor mechanics : _bPart 2 vehicle and electrical technology / _cS. C. Mudd |
|
| 250 | _a2nd ed. | ||
| 260 |
_aIbadan, Oyo State : _bHoneyland Resources, _c1972 |
||
| 300 |
_aix, 230p. : _bill, ; 19cm. |
||
| 563 | _a(pbk) | ||
| 650 |
_aMotor vehicles _vMaintenance and repair _xStudy and teaching _923658 |
||
| 650 |
_aMotor vehicles _vDesign and construction _xStudy and teaching _923657 |
||
| 942 | _cBK | ||
| 942 | _n0 | ||
| 999 |
_c11765 _d11765 |
||